| 000 | 00691cam a2200241 a 4500 | ||
|---|---|---|---|
| 008 | |||
| 020 | _a0761515348 (pbk. ) | ||
| 049 | _aMAIN | ||
| 090 |
_aTK5105.8885 _bWIT |
||
| 100 | 1 | _aWitherspoon, Coletta. | |
| 245 | 1 | 0 |
_aFrontPage 98 fast & easy / _cColetta Witherspoon. |
| 260 |
_aRocklin, Calif. : _bPrima Pub., _cc1998. |
||
| 300 |
_axx, 323 p. : _bill. ; _c24 cm. |
||
| 500 | _aIncludes index. | ||
| 630 | 0 | 0 | _aMicrosoft FrontPage. |
| 650 | 0 |
_aWeb sites _xDesign. |
|
| 650 | 0 | _aWeb publishing. | |
| 907 |
_a.b1031524x _b21-06-12 _c06-06-12 |
||
| 003 | |||
| 005 | 20230123125435.0 | ||
| 040 | _cNUST | ||
| 942 |
_cBOOKS _kTK5105.8885 _mWIT |
||
| 999 |
_c141535 _d141535 |
||